000 00784nam a2200265 a 4500
001 000044318
003 DO-SdBNP
005 20230814131740.0
007 000044318
008 140613s2013 dr a 000 0 spa d
020 _a9789945197730
040 _aBPMSU
_bspa
_cBPMSU
082 4 _aRD863.5
_bL925m 2019
_222
100 1 _aLozano, Clara Luz
_d1974-
245 1 0 _aMarĂ­a taquitos /
_cClara Luz Lozano ; ilustraciones Adela Dore.
260 _aSanto Domingo :
_bSantillana,
_c2019
300 _a25 p. :
_bil. ;
_c19 cm.
490 0 _aAlfaguara infantil
590 _aInventariado, 2023/VM
650 4 _aCuentos infantiles dominicanos
650 4 _aLiteratura infantil dominicana
700 1 _aDore, Adela,
_eil.
910 _aVMateo V. Control de calidad BPMSU
942 _2ddc
_cBK
999 _c7486
_d7486